[Event "20. Abierto de la Constitucion 2018"]
[Site "S. S. de los Reyes ESP"]
[Date "2018.12.07"]
[Round "7.28"]
[White "Gallego Romero, Manuel"]
[Black "Martin Rodriguez, Jose Luis"]
[Result "0-1"]
[WhiteElo "1478"]
[BlackElo "1270"]
[PlyCount "70"]
[EventDate "2018.12.01"]
[EventType "swiss"]
[EventRounds "9"]
[EventCountry "ESP"]
[SourceTitle "Ajedrez en Madrid"]
[Source "lmi"]
[SourceDate "2018.12.01"]

1. e4 e6 2. d4 d5 3. e5 c5 4. c3 Nc6 5. f4 Qb6 6. Nf3 cxd4 7. cxd4 Bb4+ 8. Nc3
Nh6 9. a3 Bxc3+ 10. bxc3 Nf5 11. Be2 Bd7 12. O-O Rc8 13. Qd2 Na5 14. Qb2 Qxb2
15. Bxb2 Ne3 16. Rfb1 Ba4 17. Bc1 Nc2 18. Ra2 Rxc3 19. Bb5+ Bxb5 20. Rxb5 Nc4
21. Rxb7 O-O 22. Rxa7 h6 23. Rc7 Rb8 24. Bd2 Rb1+ 25. Kf2 Nxd2 26. Rxc3 Ne4+
27. Ke2 Nxc3+ 28. Kd3 Nxa2 29. Kxc2 Rb8 30. Nd2 Rc8+ 31. Kb3 Nc1+ 32. Kb4 Nd3+
33. Kb5 Nxf4 34. g3 Ne2 35. Nb3 Rb8+ 0-1

[Event "20. Abierto de la Constitucion 2018"]
[Site "S. S. de los Reyes ESP"]
[Date "2018.12.07"]
[Round "7.29"]
[White "Garcia Estebanez, Diego"]
[Black "Criado Jimenez, Jose"]
[Result "0-1"]
[WhiteElo "1168"]
[BlackElo "1527"]
[PlyCount "84"]
[EventDate "2018.12.01"]
[EventType "swiss"]
[EventRounds "9"]
[EventCountry "ESP"]
[SourceTitle "Ajedrez en Madrid"]
[Source "lmi"]
[SourceDate "2018.12.01"]

1. e4 c5 2. Nf3 d6 3. Bc4 Nf6 4. Nc3 Nc6 5. Ng5 e6 6. O-O h6 7. Nf3 Nxe4 8.
Nxe4 d5 9. Bxd5 exd5 10. Nc3 Be7 11. d3 O-O 12. d4 c4 13. Ne5 Qb6 14. Nxd5 Qd8
15. Nxe7+ Nxe7 16. Nxc4 b5 17. Na3 Bb7 18. Qg4 Qd5 19. Bxh6 Ng6 20. Be3 b4 21.
Nb1 Rfe8 22. Nd2 Re6 23. c4 bxc3 24. bxc3 Rc8 25. c4 Qa5 26. d5 Rxe3 27. fxe3
Qxd2 28. Rab1 Qxe3+ 29. Kh1 Ba6 30. Qf3 Qxf3 31. Rxf3 Ne5 32. Re3 Nxc4 33. Re4
Nd2 34. Ree1 Nxb1 35. d6 Rd8 36. a4 Nc3 37. d7 Rxd7 38. h4 Nxa4 39. h5 Nc3 40.
h6 gxh6 41. g4 Bb7+ 42. Kh2 a5 0-1

[Event "20. Abierto de la Constitucion 2018"]
[Site "S. S. de los Reyes ESP"]
[Date "2018.12.07"]
[Round "7.30"]
[White "Salgado Nogal, Marcos"]
[Black "Bravo De La Vega, Alvaro"]
[Result "0-1"]
[WhiteElo "1533"]
[BlackElo "1407"]
[PlyCount "66"]
[EventDate "2018.12.01"]
[EventType "swiss"]
[EventRounds "9"]
[EventCountry "ESP"]
[SourceTitle "Ajedrez en Madrid"]
[Source "lmi"]
[SourceDate "2018.12.01"]

1. e4 e5 2. Nf3 Nf6 3. Nxe5 d6 4. Nf3 Nxe4 5. d4 d5 6. Bd3 Bd6 7. O-O O-O 8. c4
c6 9. Re1 Re8 10. Nbd2 Nxd2 11. Bxd2 Rxe1+ 12. Qxe1 Be6 13. c5 Bc7 14. Ng5 Qf6
15. Nxe6 fxe6 16. Rd1 Nd7 17. Bg5 Qf7 18. Qe2 Re8 19. Qc2 Qh5 20. h4 g6 21. f3
Bg3 22. f4 Qg4 23. Bxg6 Rf8 24. Bxh7+ Kh8 25. Rf1 Bxh4 26. Bxh4 Qxh4 27. Rf3
Rxf4 28. Rh3 Qe1+ 29. Kh2 Rh4 30. Qg6 Rxh3+ 31. Kxh3 Qh1+ 32. Kg3 Qxh7 33. Qe8+
Qg8+ 0-1

[Event "20. Abierto de la Constitucion 2018"]
[Site "S. S. de los Reyes ESP"]
[Date "2018.12.07"]
[Round "7.32"]
[White "Ruiz Grau, David"]
[Black "Mochon Bernal, Jorge"]
[Result "0-1"]
[WhiteElo "1289"]
[BlackElo "1439"]
[PlyCount "54"]
[EventDate "2018.12.01"]
[EventType "swiss"]
[EventRounds "9"]
[EventCountry "ESP"]
[SourceTitle "Ajedrez en Madrid"]
[Source "lmi"]
[SourceDate "2018.12.01"]

1. d4 b6 2. Bf4 Bb7 3. e3 Nf6 4. Nf3 e6 5. Bd3 Be7 6. c4 O-O 7. Nc3 d5 8. b3
Bb4 9. Qc2 Ne4 10. Bxe4 dxe4 11. Nd2 f5 12. a3 Bd6 13. g3 a6 14. Qd1 Nd7 15. g4
Bxf4 16. exf4 e3 17. Nf3 exf2+ 18. Kxf2 fxg4 19. Qe1 Rxf4 20. Qxe6+ Kh8 21. d5
Rxf3+ 22. Ke2 Rxc3 23. Qxg4 Qe7+ 24. Kd1 Qe3 25. Rg1 Rd3+ 26. Kc2 Qd2+ 27. Kb1
Rxb3# 0-1

[Event "20. Abierto de la Constitucion 2018"]
[Site "S. S. de los Reyes ESP"]
[Date "2018.12.08"]
[Round "8.1"]
[White "Gallardo Garcia, Andres"]
[Black "Lianes Garcia, Marcos"]
[Result "1/2-1/2"]
[WhiteElo "2331"]
[BlackElo "2330"]
[PlyCount "97"]
[EventDate "2018.12.01"]
[EventType "swiss"]
[EventRounds "9"]
[EventCountry "ESP"]
[SourceTitle "Ajedrez en Madrid"]
[Source "lmi"]
[SourceDate "2018.12.01"]

1. d4 Nf6 2. c4 e6 3. Nc3 d5 4. cxd5 exd5 5. Bg5 Be7 6. e3 O-O 7. Bd3 c6 8.
Nge2 Nbd7 9. Qc2 Re8 10. O-O Nf8 11. f3 h6 12. Bh4 Ne6 13. Rad1 b6 14. Kh1 Bb7
15. Bf5 g5 16. Bf2 Ng7 17. Bd3 c5 18. Qd2 a6 19. Bb1 Qc7 20. Ng3 Rad8 21. Qc2
cxd4 22. exd4 Bd6 23. Rde1 b5 24. a3 Qd7 25. Qd3 Rxe1 26. Rxe1 Re8 27. Rxe8+
Qxe8 28. h4 Qe6 29. hxg5 hxg5 30. Nf5 Nxf5 31. Qxf5 Qxf5 32. Bxf5 Kg7 33. Be3
Nh5 34. Ne2 Kf6 35. Bd3 Ng3+ 36. Nxg3 Bxg3 37. Kg1 Bc8 38. Kf1 Bf5 39. Ke2
Bxd3+ 40. Kxd3 a5 41. Bd2 Bc7 42. g4 Kg6 43. Kc2 Bb6 44. Be3 f5 45. Kb3 f4 46.
Bf2 Kf6 47. a4 b4 48. Kc2 Ke6 49. b3 1/2-1/2

[Event "20. Abierto de la Constitucion 2018"]
[Site "S. S. de los Reyes ESP"]
[Date "2018.12.08"]
[Round "8.2"]
[White "Pastor Alonso De Prado, Alberto"]
[Black "Aziz Ortego, Omar Luis"]
[Result "1-0"]
[WhiteElo "2102"]
[BlackElo "2053"]
[PlyCount "107"]
[EventDate "2018.12.01"]
[EventType "swiss"]
[EventRounds "9"]
[EventCountry "ESP"]
[SourceTitle "Ajedrez en Madrid"]
[Source "lmi"]
[SourceDate "2018.12.01"]

1. e4 e6 2. d4 c5 3. c3 d5 4. e5 Nc6 5. Nf3 Bd7 6. Be2 Nge7 7. Na3 cxd4 8. cxd4
Nf5 9. Nc2 Be7 10. O-O h5 11. Bd3 g5 12. Bxf5 exf5 13. Nfe1 f4 14. h4 Bg4 15.
Qd3 Qd7 16. b4 Bf5 17. Qe2 O-O-O 18. hxg5 Bxg5 19. Nd3 f3 20. Qxf3 Bg4 21. Nc5
Bxf3 22. Nxd7 Bxc1 23. Rfxc1 Rdg8 24. Ne1 Bxg2 25. Nf6 Be4+ 26. Kh2 Kd8 27. f3
Bf5 28. b5 Nxd4 29. Rd1 Ne6 30. Rxd5+ Kc8 31. Rc1+ Kb8 32. Nxg8 Rxg8 33. Rd7
Rf8 34. Re7 h4 35. Ng2 Nd4 36. Nxh4 Rh8 37. Kg2 Be6 38. a4 Nb3 39. Rc3 b6 40.
Nf5 Nc5 41. Nd4 Bd5 42. a5 Rh4 43. Nc6+ Bxc6 44. bxc6 Rh6 45. axb6 axb6 46. c7+
Kb7 47. Rxf7 Rc6 48. f4 b5 49. f5 Kb6 50. e6 b4 51. Rc1 b3 52. e7 b2 53. Rb1
Nd3 54. e8=Q 1-0

[Event "20. Abierto de la Constitucion 2018"]
[Site "S. S. de los Reyes ESP"]
[Date "2018.12.08"]
[Round "8.3"]
[White "Martin Rodriguez, Emilio"]
[Black "Perez Gonzalez, Jose Manuel"]
[Result "0-1"]
[WhiteElo "1994"]
[BlackElo "2221"]
[PlyCount "94"]
[EventDate "2018.12.01"]
[EventType "swiss"]
[EventRounds "9"]
[EventCountry "ESP"]
[SourceTitle "Ajedrez en Madrid"]
[Source "lmi"]
[SourceDate "2018.12.01"]

1. d4 Nf6 2. Bf4 g6 3. e3 Bg7 4. h3 O-O 5. Nd2 d6 6. Ngf3 Nbd7 7. Be2 Qe8 8.
Bh2 e5 9. dxe5 Nxe5 10. Nxe5 dxe5 11. c3 Bf5 12. Qb3 Ne4 13. Nxe4 Bxe4 14. O-O
Qe7 15. Qa4 Bc6 16. Bb5 Bxb5 17. Qxb5 c6 18. Qc4 Rad8 19. Rad1 Rxd1 20. Rxd1
Rd8 21. Qe2 e4 22. Bg3 h5 23. Bh2 a6 24. a3 b5 25. Rd2 Kf8 26. Qd1 Rxd2 27.
Qxd2 Ke8 28. Kf1 Qd7 29. Ke2 Qxd2+ 30. Kxd2 Kd7 31. b3 Ke6 32. Bc7 Bf8 33. a4
bxa4 34. bxa4 Kd5 35. Kc2 Kc4 36. Be5 Be7 37. Bg7 f6 38. Bh6 f5 39. Bg7 Bh4 40.
g3 Be7 41. h4 g5 42. hxg5 Bxg5 43. Bf8 h4 44. gxh4 Bxh4 45. Ba3 Bxf2 46. Bc1 f4
47. exf4 e3 0-1

[Event "20. Abierto de la Constitucion 2018"]
[Site "S. S. de los Reyes ESP"]
[Date "2018.12.08"]
[Round "8.4"]
[White "Quevedo Marin, Manuel"]
[Black "Hernandez Ramos, David"]
[Result "0-1"]
[WhiteElo "2199"]
[BlackElo "2078"]
[PlyCount "118"]
[EventDate "2018.12.01"]
[EventType "swiss"]
[EventRounds "9"]
[EventCountry "ESP"]
[SourceTitle "Ajedrez en Madrid"]
[Source "lmi"]
[SourceDate "2018.12.01"]

1. e4 e6 2. d4 d5 3. Nc3 Nf6 4. Bg5 Be7 5. e5 Nfd7 6. Bxe7 Qxe7 7. f4 g6 8. Nf3
a6 9. Qd2 c5 10. dxc5 Nc6 11. Bd3 Nxc5 12. O-O b5 13. Ne2 Bb7 14. Ned4 Nxd4 15.
Nxd4 Rc8 16. c3 Na4 17. Kh1 Rg8 18. Rae1 Kd7 19. Rc1 Nc5 20. Bc2 Kc7 21. Qe3
Kb8 22. b4 Ne4 23. Bxe4 dxe4 24. a4 bxa4 25. b5 Qc5 26. bxa6 Bxa6 27. Rb1+ Ka7
28. Qxe4 Rc7 29. Rfc1 Rb8 30. Ra1 Qc4 31. Qe3 Rb6 32. Rab1 Rxb1 33. Rxb1 Ka8
34. Qf3+ Bb7 35. Qd1 Kb8 36. Nb5 Qe4 37. Qd8+ Rc8 38. Qd6+ Ka8 39. Rg1 Qc6 40.
Qb4 Ba6 41. Nd6 Rb8 42. Qa5 Rb2 43. c4 Kb8 44. h3 Bxc4 45. Qc3 Rb3 46. Rc1 Rxc3
47. Rxc3 Bd5 48. Rxc6 Bxc6 49. Nc4 Bd5 50. Na3 Kb7 51. Kg1 Kb6 52. Kf2 Kc5 53.
Nc2 Kc4 54. g4 Kb3 55. Nd4+ Kb2 56. Ke3 a3 57. Kd2 a2 58. Nc2 Be4 59. Na1 h6
0-1

[Event "20. Abierto de la Constitucion 2018"]
[Site "S. S. de los Reyes ESP"]
[Date "2018.12.08"]
[Round "8.5"]
[White "Lozano Suarez, Luis Miguel"]
[Black "Pindado Campos, Raul"]
[Result "1-0"]
[WhiteElo "2135"]
[BlackElo "2065"]
[PlyCount "69"]
[EventDate "2018.12.01"]
[EventType "swiss"]
[EventRounds "9"]
[EventCountry "ESP"]
[SourceTitle "Ajedrez en Madrid"]
[Source "lmi"]
[SourceDate "2018.12.01"]

1. c4 e5 2. g3 Nf6 3. Bg2 Nc6 4. Nc3 Bc5 5. a3 a5 6. e3 O-O 7. Nge2 Re8 8. O-O
d6 9. d3 Bg4 10. h3 Bd7 11. b3 Qc8 12. Kh2 Ne7 13. d4 Bb6 14. Bb2 Ng6 15. Qd2
c6 16. c5 exd4 17. cxb6 dxc3 18. Qxc3 d5 19. Rad1 Ra6 20. Nf4 Nxf4 21. gxf4 Bf5
22. Rg1 Rxb6 23. Bf3 Bg6 24. h4 a4 25. b4 Rb5 26. Qd4 Kf8 27. h5 c5 28. bxc5
Bxh5 29. Bxh5 Nxh5 30. Rg5 g6 31. Qh8+ Ke7 32. Re5+ Kd7 33. Rdxd5+ Kc6 34. Rd6+
Kc7 35. Rxe8 1-0

[Event "20. Abierto de la Constitucion 2018"]
[Site "S. S. de los Reyes ESP"]
[Date "2018.12.08"]
[Round "8.7"]
[White "Lorenzo Bailador, Alfredo"]
[Black "Lin, Yingrui"]
[Result "1/2-1/2"]
[WhiteElo "2044"]
[BlackElo "2017"]
[PlyCount "144"]
[EventDate "2018.12.01"]
[EventType "swiss"]
[EventRounds "9"]
[EventCountry "ESP"]
[SourceTitle "Ajedrez en Madrid"]
[Source "lmi"]
[SourceDate "2018.12.01"]

1. e4 c5 2. c3 Nc6 3. d4 d5 4. exd5 Qxd5 5. Nf3 Bg4 6. dxc5 Qxc5 7. Be3 Qd6 8.
Qxd6 exd6 9. Nbd2 Nf6 10. h3 Be6 11. Nd4 Nd5 12. Nxe6 fxe6 13. Bg5 Be7 14. Bxe7
Kxe7 15. g3 Rhf8 16. Bg2 Nb6 17. f4 d5 18. O-O-O Rac8 19. Nf3 h6 20. h4 Nd7 21.
Rhe1 Nc5 22. Rxd5 Nb4 23. Rde5 Nbd3+ 24. Kc2 Nxe1+ 25. Rxe1 Rfd8 26. Nd4 Kf7
27. Bh3 Rd6 28. b4 Nd7 29. Bxe6+ Kf6 30. Kb3 Re8 31. f5 a6 32. g4 g5 33. Rh1
Ne5 34. hxg5+ Kxg5 35. Rh5+ Kxg4 36. Rxh6 Kg5 37. Rh7 b5 38. a4 bxa4+ 39. Kxa4
Kf4 40. Rh4+ Ke3 41. Rh3+ Ke4 42. Rh4+ Kd3 43. Rh3+ Kd2 44. Kb3 Nd3 45. Rh2+
Ke3 46. Rh3+ Ke4 47. Rh4+ Ke3 48. Rh3+ Ke4 49. Rh4+ Ke3 50. Rh3+ Ke4 51. Rh4+
Ke3 52. f6 Rexe6 53. Nf5+ Kd2 54. Rh2+ Kd1 55. Rh1+ Kd2 56. Rh2+ Ke1 57. Rh1+
Kd2 58. Rh2+ Kd1 59. Rh1+ Ne1 60. Nxd6 Rxd6 61. Rf1 Rd8 62. f7 Rf8 63. Rf6 Kd2
64. c4 Nd3 65. c5 Ne5 66. Rd6+ Ke3 67. Rxa6 Rxf7 68. Rd6 Rc7 69. Ka4 Ke4 70.
Rd8 Ra7+ 71. Kb3 Rb7 72. Rd6 Nd3 1/2-1/2

[Event "20. Abierto de la Constitucion 2018"]
[Site "S. S. de los Reyes ESP"]
[Date "2018.12.08"]
[Round "8.8"]
[White "Bello Burguet, Glenier Lazaro"]
[Black "Vukotic Jovsic, Dragan"]
[Result "0-1"]
[WhiteElo "1947"]
[BlackElo "1935"]
[PlyCount "130"]
[EventDate "2018.12.01"]
[EventType "swiss"]
[EventRounds "9"]
[EventCountry "ESP"]
[SourceTitle "Ajedrez en Madrid"]
[Source "lmi"]
[SourceDate "2018.12.01"]

1. e4 c5 2. Nf3 d6 3. Bb5+ Bd7 4. Bxd7+ Qxd7 5. c4 Qg4 6. Nc3 Nd7 7. O-O a6 8.
d4 Ngf6 9. e5 cxd4 10. exf6 dxc3 11. fxe7 Bxe7 12. Re1 Ne5 13. h3 Nxf3+ 14. Kh1
Qf5 15. gxf3 Qxh3+ 16. Kg1 Qd7 17. Qe2 Rc8 18. bxc3 Rc7 19. Bg5 f6 20. Bf4 Kf7
21. Qe4 g5 22. Bh2 Qc6 23. Qe6+ Kg7 24. Re4 Qd7 25. c5 Rd8 26. Qb3 Rxc5 27.
Rae1 Re8 28. Qd1 Rcc8 29. Qe2 Kf7 30. f4 Rc5 31. Qh5+ Kg8 32. f5 Rxf5 33. Bxd6
Bxd6 34. Qxe8+ Qxe8 35. Rxe8+ Kf7 36. Rd8 Bc5 37. Re2 b6 38. Kg2 h5 39. f3 Rf4
40. Re4 Rf5 41. c4 Ba3 42. Rd5 Kg6 43. Re8 Rf4 44. Re4 Rxe4 45. fxe4 Bb4 46.
Kh3 Kf7 47. a4 Ke6 48. Kg2 Bc3 49. c5 bxc5 50. Rxc5 Bd4 51. Rf5 Be5 52. a5 Kd6
53. Rf3 Kc5 54. Rd3 Kc4 55. Rd7 Kb5 56. Rd5+ Ka4 57. Kh3 Bc3 58. Rf5 Be5 59.
Rf1 Kxa5 60. Rb1 Ka4 61. Rb7 a5 62. Rh7 Kb3 63. Rxh5 a4 64. Kg4 a3 65. Kf5 a2
0-1

[Event "20. Abierto de la Constitucion 2018"]
[Site "S. S. de los Reyes ESP"]
[Date "2018.12.08"]
[Round "8.9"]
[White "Largo Barbero, Benito"]
[Black "Alfaya Marcelo, Roberto"]
[Result "1/2-1/2"]
[WhiteElo "1866"]
[BlackElo "2166"]
[PlyCount "45"]
[EventDate "2018.12.01"]
[EventType "swiss"]
[EventRounds "9"]
[EventCountry "ESP"]
[SourceTitle "Ajedrez en Madrid"]
[Source "lmi"]
[SourceDate "2018.12.01"]

1. e4 c5 2. Nc3 a6 3. g3 b5 4. Bg2 Bb7 5. d3 e6 6. f4 d5 7. Nf3 Be7 8. O-O d4
9. Ne2 Nc6 10. h3 Nf6 11. g4 Nd7 12. Ng3 Qb6 13. Bd2 c4 14. Be1 cxd3 15. cxd3
Rd8 16. e5 g5 17. Nxg5 Bxg5 18. fxg5 Ncxe5 19. Bxb7 Qxb7 20. Ne4 Qd5 21. Bb4 a5
22. Bxa5 Ra8 23. Bb4 1/2-1/2

[Event "20. Abierto de la Constitucion 2018"]
[Site "S. S. de los Reyes ESP"]
[Date "2018.12.08"]
[Round "8.10"]
[White "Rodrigo Yanguas, Maria"]
[Black "Minguela Munoz, Bienvenido"]
[Result "1-0"]
[WhiteElo "2053"]
[BlackElo "1792"]
[PlyCount "77"]
[EventDate "2018.12.01"]
[EventType "swiss"]
[EventRounds "9"]
[EventCountry "ESP"]
[SourceTitle "Ajedrez en Madrid"]
[Source "lmi"]
[SourceDate "2018.12.01"]

1. e4 c5 2. Nf3 Nc6 3. d4 cxd4 4. Nxd4 e5 5. Nb5 d6 6. N5c3 Nf6 7. Bg5 Be6 8.
Nd5 Bxd5 9. exd5 Ne7 10. c4 a6 11. Nc3 Nd7 12. Be2 h6 13. Bd2 Qc7 14. O-O f5
15. f4 e4 16. Be3 g6 17. Qd4 Rg8 18. b4 Bg7 19. Qd2 b6 20. a4 Bxc3 21. Qxc3
Nxd5 22. Qd4 Nxe3 23. Qxe3 O-O-O 24. a5 Kb8 25. axb6 Qb7 26. c5 dxc5 27. bxc5
Qc6 28. Rfc1 g5 29. Bxa6 Nf6 30. Bc4 Ng4 31. Qa3 Rg7 32. h3 e3 33. Rd1 Rd2 34.
Rxd2 exd2 35. hxg4 Re7 36. Bb3 Re1+ 37. Kh2 Re2 38. Qa7+ Kc8 39. Qa6+ 1-0

[Event "20. Abierto de la Constitucion 2018"]
[Site "S. S. de los Reyes ESP"]
[Date "2018.12.08"]
[Round "8.11"]
[White "Paarup, Torsten"]
[Black "Anton Quevedo, Andrea"]
[Result "1/2-1/2"]
[WhiteElo "1989"]
[BlackElo "1876"]
[PlyCount "59"]
[EventDate "2018.12.01"]
[EventType "swiss"]
[EventRounds "9"]
[EventCountry "ESP"]
[SourceTitle "Ajedrez en Madrid"]
[Source "lmi"]
[SourceDate "2018.12.01"]

1. d4 Nf6 2. c4 g6 3. Nc3 d5 4. cxd5 Nxd5 5. e4 Nxc3 6. bxc3 Bg7 7. Qa4+ Nd7 8.
Nf3 O-O 9. Bg5 c5 10. Rc1 h6 11. Be3 Qc7 12. Bd3 b6 13. O-O Bb7 14. Qd1 Nf6 15.
e5 Nd5 16. Bd2 e6 17. h4 h5 18. Ng5 Ne7 19. Ne4 Bxe4 20. Bxe4 Rad8 21. Qe2 Nf5
22. Bg5 f6 23. exf6 Bxf6 24. Bxf6 Rxf6 25. g3 cxd4 26. Bxf5 exf5 27. cxd4 Qd7
28. Rfe1 Rf7 29. Rcd1 Qd5 30. Rd2 1/2-1/2

[Event "20. Abierto de la Constitucion 2018"]
[Site "S. S. de los Reyes ESP"]
[Date "2018.12.08"]
[Round "8.12"]
[White "Camarero Izquierdo, Juan Carlos"]
[Black "Rodriguez Garcia, Alberto"]
[Result "0-1"]
[WhiteElo "1922"]
[BlackElo "1781"]
[PlyCount "100"]
[EventDate "2018.12.01"]
[EventType "swiss"]
[EventRounds "9"]
[EventCountry "ESP"]
[SourceTitle "Ajedrez en Madrid"]
[Source "lmi"]
[SourceDate "2018.12.01"]

1. d4 Nf6 2. Nc3 d5 3. Bg5 c5 4. dxc5 d4 5. Bxf6 exf6 6. Ne4 Nc6 7. Qd2 f5 8.
Nd6+ Bxd6 9. cxd6 Qxd6 10. O-O-O Qe6 11. Kb1 O-O 12. Nf3 Rd8 13. e3 Qg6 14.
exd4 Be6 15. Ka1 Bd5 16. Ne5 Nxe5 17. dxe5 Qb6 18. Bd3 Bxg2 19. Rhg1 Be4 20.
Qg5 g6 21. f4 Kg7 22. Bxe4 fxe4 23. f5 h6 24. Qg4 Rxd1+ 25. Rxd1 Rd8 26. Re1
Qd4 27. e6 Qf2 28. Rg1 Qf3 29. a3 Qxg4 30. Rxg4 e3 31. Ka2 e2 32. Re4 gxf5 33.
Rxe2 fxe6 34. Rxe6 Rd7 35. c4 f4 36. Re2 Kf6 37. b4 Re7 38. Rf2 Kf5 39. c5 Re3
40. Rc2 f3 41. c6 bxc6 42. Rxc6 f2 43. Rc7 Re6 44. Rc5+ Kf4 45. Rc8 Re5 46. Rc1
Re1 47. Rc7 f1=Q 48. Rf7+ Ke5 49. Rxf1 Rxf1 50. Kb3 Kd6 0-1

[Event "20. Abierto de la Constitucion 2018"]
[Site "S. S. de los Reyes ESP"]
[Date "2018.12.08"]
[Round "8.13"]
[White "Hernandez Ramos, Alberto"]
[Black "Lopez Orellana, Federico"]
[Result "1-0"]
[WhiteElo "1917"]
[BlackElo "1683"]
[PlyCount "71"]
[EventDate "2018.12.01"]
[EventType "swiss"]
[EventRounds "9"]
[EventCountry "ESP"]
[SourceTitle "Ajedrez en Madrid"]
[Source "lmi"]
[SourceDate "2018.12.01"]

1. e4 c5 2. Nf3 Nc6 3. d4 cxd4 4. Nxd4 e5 5. Nb5 a6 6. N5a3 Nf6 7. Bg5 h6 8.
Bxf6 Qxf6 9. Nc3 Bb4 10. Nc4 Qf4 11. Nd6+ Ke7 12. Nf5+ Kf8 13. Bd3 g6 14. Ne3
Ne7 15. g3 Qf6 16. Qd2 b5 17. a3 Bxc3 18. Qxc3 d6 19. f4 Be6 20. Rf1 Rc8 21.
Qb4 Rc6 22. O-O-O Kg7 23. Be2 Rd8 24. Kb1 h5 25. f5 gxf5 26. exf5 Bc4 27. Bxc4
bxc4 28. g4 Kh7 29. h3 d5 30. Qa5 Rb6 31. Nxc4 Rbb8 32. Qc7 Nc6 33. g5 Qxg5 34.
Qxf7+ Kh8 35. Rg1 Qh6 36. Rg6 1-0

[Event "20. Abierto de la Constitucion 2018"]
[Site "S. S. de los Reyes ESP"]
[Date "2018.12.08"]
[Round "8.14"]
[White "Vazquez Gonzalez, Jesus"]
[Black "Gomez Logrosan, Cristian"]
[Result "0-1"]
[WhiteElo "1923"]
[BlackElo "1790"]
[PlyCount "142"]
[EventDate "2018.12.01"]
[EventType "swiss"]
[EventRounds "9"]
[EventCountry "ESP"]
[SourceTitle "Ajedrez en Madrid"]
[Source "lmi"]
[SourceDate "2018.12.01"]

1. c4 Nf6 2. g3 g6 3. Bg2 Bg7 4. e4 d6 5. d4 O-O 6. Ne2 e5 7. d5 Nbd7 8. Nbc3
a5 9. O-O Re8 10. Qc2 Nc5 11. Be3 b6 12. h3 Nfd7 13. Kh2 Rf8 14. b3 Nb8 15. a3
f5 16. f3 Nba6 17. Rab1 Nd7 18. exf5 gxf5 19. f4 e4 20. Nd4 Bxd4 21. Bxd4 Nf6
22. b4 axb4 23. axb4 Bd7 24. Nd1 Qe7 25. Ne3 h5 26. Qe2 Qh7 27. Ra1 Qg6 28. Qb2
Kf7 29. Rg1 Rg8 30. Bh1 Qh6 31. Nf1 h4 32. Bxf6 Qxf6 33. Qxf6+ Kxf6 34. b5
hxg3+ 35. Nxg3 Nc5 36. Nh5+ Kf7 37. Rxg8 Rxg8 38. Ra7 Kg6 39. Ng3 Rc8 40. Bg2
Nd3 41. Ne2 Nb2 42. c5 dxc5 43. d6 Bxb5 44. Nc3 cxd6 45. Nxb5 d5 46. Rd7 d4 47.
Rd6+ Kg7 48. Nxd4 cxd4 49. Rxd4 Rc2 50. Kg3 Rc6 51. Bf1 Kf6 52. Bb5 Rc3+ 53.
Kh4 Ke6 54. Bd7+ Kf6 55. Rd6+ Ke7 56. Rd5 Rd3 57. Rxf5 Kxd7 58. Re5 e3 59. f5
Nc4 60. Re6 b5 61. Kg5 Rd6 62. Re4 Rd5 63. Kg6 Rxf5 64. Kxf5 Nd6+ 65. Kf4 Nxe4
66. Kxe3 Nd6 67. Kd3 Ke6 68. Kd4 Kf5 69. Ke3 Kg5 70. Kd4 Kh4 71. Ke5 Kxh3 0-1

[Event "20. Abierto de la Constitucion 2018"]
[Site "S. S. de los Reyes ESP"]
[Date "2018.12.08"]
[Round "8.15"]
[White "Gonzalez Garcia, Luis"]
[Black "Lopez de Turiso, Jose Angel"]
[Result "0-1"]
[WhiteElo "1505"]
[BlackElo "1913"]
[PlyCount "78"]
[EventDate "2018.12.01"]
[EventType "swiss"]
[EventRounds "9"]
[EventCountry "ESP"]
[SourceTitle "Ajedrez en Madrid"]
[Source "lmi"]
[SourceDate "2018.12.01"]

1. d4 Nf6 2. Bf4 e6 3. Nf3 d5 4. e3 c5 5. c3 Nc6 6. Bd3 cxd4 7. exd4 Nh5 8. Bg3
Bd6 9. Bxd6 Qxd6 10. g3 Bd7 11. Ne5 Nxe5 12. dxe5 Qxe5+ 13. Qe2 Qxe2+ 14. Bxe2
Nf6 15. Nd2 O-O 16. f4 Bc6 17. Bf3 Rfd8 18. Nb3 Ne8 19. Nd4 Nc7 20. Be2 f6 21.
O-O e5 22. fxe5 fxe5 23. Nxc6 bxc6 24. Rf5 Re8 25. Raf1 Re7 26. b3 g6 27. Rf6
Ne6 28. Bg4 Rae8 29. Bxe6+ Rxe6 30. Rxe6 Rxe6 31. Rf2 Kg7 32. Kg2 e4 33. h4 Rf6
34. Re2 Rf3 35. c4 Kf6 36. cxd5 cxd5 37. b4 Rc3 38. g4 Ke5 39. Kf2 d4 0-1

[Event "20. Abierto de la Constitucion 2018"]
[Site "S. S. de los Reyes ESP"]
[Date "2018.12.08"]
[Round "8.16"]
[White "Montiel Miguelez, Manuel"]
[Black "Alfaya Martinez, Enrique"]
[Result "1-0"]
[WhiteElo "1814"]
[BlackElo "1594"]
[PlyCount "145"]
[EventDate "2018.12.01"]
[EventType "swiss"]
[EventRounds "9"]
[EventCountry "ESP"]
[SourceTitle "Ajedrez en Madrid"]
[Source "lmi"]
[SourceDate "2018.12.01"]

1. e4 c5 2. Nf3 d6 3. d4 cxd4 4. Nxd4 Nf6 5. Nc3 a6 6. Be2 e6 7. O-O Be7 8. Kh1
O-O 9. f4 e5 10. Nf3 Nc6 11. Be3 b5 12. a3 Bb7 13. Qe1 Rc8 14. Rd1 Qc7 15. Nd5
Nxd5 16. exd5 Na5 17. fxe5 Nc4 18. Bxc4 Qxc4 19. c3 Bxd5 20. Rd4 Qc6 21. exd6
Bxd6 22. Qd2 Bxf3 23. Rxf3 Bc5 24. Rd7 Bxe3 25. Rxe3 Qc4 26. Red3 Rfe8 27. h3
h6 28. Qf2 Rc6 29. Rf3 f6 30. Qg3 g5 31. Qf2 Qe6 32. Qa7 Qe1+ 33. Kh2 Qe5+ 34.
Kg1 Qe1+ 35. Kh2 Qe5+ 36. g3 Qe4 37. Rf2 Rce6 38. Rg7+ Kh8 39. Rf7 R8e7 40.
Rxe7 Rxe7 41. Qxa6 Qe5 42. Qb6 Kg7 43. Qd4 Qe6 44. Kg1 Qe1+ 45. Kg2 Qe6 46. Qc5
Qe4+ 47. Kh2 Qb7 48. Qf5 Qc6 49. Rd2 Qc4 50. Rf2 Qc6 51. h4 Re1 52. Rg2 Re5 53.
Qd3 g4 54. Rd2 Qc5 55. Qd7+ Re7 56. Qxg4+ Kf7 57. h5 Qe3 58. Qg6+ Ke6 59. Qg4+
Kf7 60. Qg6+ Ke6 61. Qg8+ Kf5 62. Rd5+ Re5 63. Qg6+ Ke6 64. Qg8+ Kf5 65. Qe6+
Kg5 66. Rxe5+ Qxe5 67. Qxe5+ fxe5 68. c4 bxc4 69. a4 e4 70. Kg2 Kxh5 71. a5 Kg4
72. a6 e3 73. a7 1-0

[Event "20. Abierto de la Constitucion 2018"]
[Site "S. S. de los Reyes ESP"]
[Date "2018.12.08"]
[Round "8.17"]
[White "Alvarez Gonzalez, Eduardo"]
[Black "Hidalgo Prado, David"]
[Result "1-0"]
[WhiteElo "1798"]
[BlackElo "1588"]
[PlyCount "77"]
[EventDate "2018.12.01"]
[EventType "swiss"]
[EventRounds "9"]
[EventCountry "ESP"]
[SourceTitle "Ajedrez en Madrid"]
[Source "lmi"]
[SourceDate "2018.12.01"]

1. d4 d5 2. Nf3 Nf6 3. c4 e6 4. Bg5 Be7 5. Nc3 O-O 6. e3 h6 7. Bh4 b6 8. cxd5
exd5 9. Bd3 Be6 10. O-O Nbd7 11. Rc1 c5 12. Re1 c4 13. Bb1 Ne8 14. Bxe7 Qxe7
15. e4 Qd6 16. exd5 Bg4 17. Qc2 Nef6 18. Ne5 Rfe8 19. Nxg4 Rxe1+ 20. Rxe1 Kf8
21. Nxf6 Nxf6 22. Ne4 Re8 23. Re3 Nxe4 24. Rxe4 Rxe4 25. Qxe4 Qb4 26. Qe2 c3
27. d6 Qxd6 28. bxc3 Qa3 29. Qd2 Qa5 30. d5 Qb5 31. Be4 Qa4 32. Bf3 Qb5 33. g3
Qd7 34. Kg2 Qd6 35. Qd4 a5 36. Qa4 Ke7 37. Qc6 Qxc6 38. dxc6 f6 39. Kf1 1-0